000 00865nam a2200241 a 4500
001 000027792
005 20200930031111.0
008 110404s1974 dr a 001 0cspa d
040 _aDO-SdBNP
_bspa
_cBNPHU
082 _a920.7293
_bG241s, 1974
100 1 _aGarrido, Miguel Ángel,
_d1967-1908
_954866
245 1 0 _aSiluetas /
_cMiguel Ángel Garrido ; presentación de Jorge Tena Reyes.
260 _aSanto Domingo :
_bModerna,
_c1974.
300 _a159 p. :
_bil. ;
_c21 cm.
490 1 _aBiblioteca Pedro Henríquez Ureña
_v4
650 4 _aPolíticos
_zRepública Dominicana
_91349
650 4 _aEscritores dominicanos
_954867
651 4 _aRepública Dominicana
_xBiografías
_91325
700 1 _aTena Reyes, Jorge,
_epresent.
_98252
830 0 _aBiblioteca Pedro Henríquez Ureña ;
_v4
_938832
910 _aValidado. Control de calidad EMS
049 _aBNPD
999 _c27284
_d27284